Normal view
MARC view
- Preparation Jawarneh,Muaied Baker Al zghoul and Mones Al otoum , Superviser Mohmad Bny Yonis
Entry Personal Name
001 - CONTROL NUMBER
- control field: 6063
003 - CONTROL NUMBER IDENTIFIER
- control field: JO-AjAnu
005 - DATE AND TIME OF LATEST TRANSACTION
- control field: 20230606071302.0
008 - FIXED-LENGTH DATA ELEMENTS
- fixed length control field: 230606|| aca||aabn | a|a d
040 ## - CATALOGING SOURCE
- Original cataloging agency: JO-AjAnu
- Transcribing agency: JO-AjAnu
100 ## - HEADING--PERSONAL NAME
- Personal name: Preparation Jawarneh,Muaied Baker Al zghoul and Mones Al otoum , Superviser Mohmad Bny Yonis
670 ## - SOURCE DATA FOUND
- Source citation: Work cat.: (JO-AjAnu)3142: Preparation Jawarneh,Muaied Baker Al zghoul and Mones Al otoum , Superviser Mohmad Bny Yonis, author, Online Charging System (OCS)